Statistics--decisions and applications in business and economics
Αποθηκεύτηκε σε:
| Κύριος συγγραφέας: | |
|---|---|
| Άλλοι συγγραφείς: | |
| Μορφή: | Βιβλίο |
| Γλώσσα: | English |
| Δημοσίευση: |
New York :
Random House Business Division,
c1981
|
| Θέματα: | |
| Ετικέτες: |
Προσθήκη ετικέτας
Δεν υπάρχουν, Καταχωρήστε ετικέτα πρώτοι!
|
MARC
| LEADER | 00000cam a2200000 i 4500 | ||
|---|---|---|---|
| 001 | 1/30817 | ||
| 008 | 950808s1981 eng d | ||
| 020 | |a 0394322975 | ||
| 035 | |l 10023469 | ||
| 040 | |a GR-MY-UA |b gre |e aacr | ||
| 041 | 0 | |a eng | |
| 082 | 0 | |a 330.028 |2 (19) | |
| 100 | 1 | |a Ben-Horim, Moshe. | |
| 245 | 1 | 0 | |a Statistics--decisions and applications in business and economics / |c Moshe Ben-Horim, Haim Levy |
| 260 | |a New York : |b Random House Business Division, |c c1981 | ||
| 300 | |a xix, 772 p.; |b ill.; |c 26 cm | ||
| 500 | |a Includes indexes | ||
| 650 | 0 | 0 | |a Economics |x Statistical methods. |
| 650 | 0 | 0 | |a Commercial statistics. |
| 650 | 0 | 0 | |a Statistics. |
| 700 | 1 | |a Levy, Haim. | |
| 852 | |a INST |b CHIOS |e 19950808 |h 330.028 HOR |p 005200001226 |q 005200001226 |t BK |y 0 | ||
| 909 | |a Χ |b 013167 | ||